The Chartered Surveyors` Channel : mixed option 2. - October 1997 (Record no. 85360)

MARC details
000 -LEADER
fixed length control field 01723cgm a2200313 4500
001 - CONTROL NUMBER
control field M88412
008 - FIXED-LENGTH DATA ELEMENTS--GENERAL INFORMATION
fixed length control field 090401t1997 xxu||||| |||| 00| 0 eng d
035 ## - SYSTEM CONTROL NUMBER
System control number (Sirsi) u82803
041 ## - LANGUAGE CODE
Language code of text/sound track or separate title eng
110 ## - MAIN ENTRY--CORPORATE NAME
Corporate name or jurisdiction name as entry element Television Education Network
9 (RLIN) 3468
245 #4 - TITLE STATEMENT
Title The Chartered Surveyors` Channel : mixed option 2. - October 1997
260 ## - PUBLICATION, DISTRIBUTION, ETC.
Place of publication, distribution, etc. London
Name of publisher, distributor, etc. Television Education Network
Date of publication, distribution, etc. 1997
300 ## - PHYSICAL DESCRIPTION
Extent 1 videocassette (VHS) (132 mins) : sd.
350 ## - PRICE (NR) (BK AM CF MU VM SE) [OBSOLETE]
Price 0
520 ## - SUMMARY, ETC.
Summary, etc. £10.00 Hire charge. CONTENTS: NEWS REVIEW (15 mins) / TAXATION & COMPENSATION: Property and VAT - the 1997 changes. - HART, C. (20 mins) / PROPERTY LAW: Rent review update: the impact of the Arbitration Act 1996 and Civil Evidence Act 1995: Two recent cases on expert determinations & Business lease renewals under the PACT Scheme (16 mins). - FREEDMAN, P. & GYNGELL, T. / RESIDENTIAL VALUATIONS AND SURVEYS: The new RICS/ISVA Homebuyer Service (part 2) (20mins). - HOLDEN, G. / AGENCY: Market update: the UK retail motor trade (20 mins). - BARBER, A. / PROPERTY SERVICES: the use of thatch in buildings (16 mins) - BONIFACE, S. / INFORMATION TECHNOLOGY: Multimedia technologies in property and construction (part 3) (25 mins). - WILDERSPIN, M., LEEVERS, D., CROTTY, R., SOPER, S. & HOGG, D.
650 ## - SUBJECT ADDED ENTRY--TOPICAL TERM
Topical term or geographic name entry element ARBITRATION ACT 1996
650 ## - SUBJECT ADDED ENTRY--TOPICAL TERM
Topical term or geographic name entry element CHARTERED SURVEYORS CHANNEL
650 ## - SUBJECT ADDED ENTRY--TOPICAL TERM
Topical term or geographic name entry element CIVIL EVIDENCE ACT 1995
650 ## - SUBJECT ADDED ENTRY--TOPICAL TERM
Topical term or geographic name entry element HOMEBUYER SURVEY AND VALUATION SERVICE
650 ## - SUBJECT ADDED ENTRY--TOPICAL TERM
Topical term or geographic name entry element LEASE RENEWALS
650 ## - SUBJECT ADDED ENTRY--TOPICAL TERM
Topical term or geographic name entry element MOTOR TRADE
650 ## - SUBJECT ADDED ENTRY--TOPICAL TERM
Topical term or geographic name entry element MULTIMEDIA TECHNOLOGIES
650 ## - SUBJECT ADDED ENTRY--TOPICAL TERM
Topical term or geographic name entry element TEN VIDEOS
650 ## - SUBJECT ADDED ENTRY--TOPICAL TERM
Topical term or geographic name entry element THATCH
650 ## - SUBJECT ADDED ENTRY--TOPICAL TERM
Topical term or geographic name entry element VALUE ADDED TAX
690 ## - LOCAL SUBJECT ADDED ENTRY--TOPICAL TERM (OCLC, RLIN)
Topical term or geographic name as entry element MANAGEMENT-BUSINESS MANAGEMENT-PROFESSIONAL PRACTICE
942 ## - ADDED ENTRY ELEMENTS (KOHA)
Suppress in OPAC 0
948 ## - LOCAL PROCESSING INFORMATION (OCLC); SERIES PART DESIGNATOR (RLIN)
c (OCLC) 19/12/1997
Holdings
Withdrawn status Lost status Source of classification or shelving scheme Damaged status Not for loan Home library Current library Shelving location Date acquired Total Checkouts Full call number Barcode Date last seen Date last checked out Copy number Price effective from Koha item type
    Dewey Decimal Classification     London London Missing 14/09/1999 1 VIDEOS 30054263 06/08/2019 15/09/1999 1 06/08/2019 Video